Anime Silhouette Quiz Stats

Quiz not verified by Sporcle

Challenge
Share
Tweet
Score 0/20 Timer 04:00
2 Plays Today
% Correct
Naruto Uzumaki (Naruto)
98.5%
Mikasa Ackerman (Attack on Titan)
82.7%
Monkey D. Luffy (One Piece)
80.3%
Son Goku (Dragon Ball Z)
76.4%
Yuno Gasai (Future Diary)
68.7%
Natsu Dragneel (Fairy Tail)
68.7%
Spike Spiegel (Cowboy Bebop)
64.3%
Inuyasha (InuYasha)
64.2%
Lelouch Lamperouge (Code Geass)
64%
Asuna Yuuki (Sword Art Online)
63.2%
% Correct
Edward Elric (Fullmetal Alchemist)
60.1%
Haruhi Suzumiya (The Melancholy of Haruhi Suzumiya)
55.6%
Taiga Aisaka (Toradora!)
47.6%
Chitoge Kirisaki (Nisekoi)
44.2%
Killua Zoldyck (Hunter x Hunter)
43.4%
Kamina (Tengen Toppa Gurren Lagann)
41%
Lucy (Elfen Lied)
29.6%
Rias Gremory (High School DxD)
28.5%
Rin Tohsaka (Fate Series)
26.1%
Aoi Miyamori (Shirobako)
8.5%

You're not logged in!

Compare scores with friends on all Sporcle quizzes.
Sign Up with Email
OR
Log In

You Might Also Like...

Show Comments

Extras

Top Quizzes Today


Score Distribution

Your Account Isn't Verified!

In order to create a playlist on Sporcle, you need to verify the email address you used during registration. Go to your Sporcle Settings to finish the process.